MARC

LEADER 00000nam0a2200000 4500
001 231154
005 20231101231046.0
035 |a (RuTPU)RU\TPU\book\252170 
090 |a 231154 
100 |a 20130130d1927 k y0rusy50 ca 
101 0 |a rus  |a fre 
102 |a RU 
105 |a af z 001zy 
200 1 |a Геологический очерк Западной окраины Донецкого бассейна  |f А. А. Гапеев  |g Геологический комитет (Геолком) 
210 |a Ленинград  |c Издание геологического комитета  |d 1927 
215 |a 96 с.  |c ил., карта, 10 табл. 
225 1 |a Материалы по общей и прикладной геологии  |v Вып. 123 
300 |a Резюме на фр. яз. 
317 |5 63413507: КР-681  |a Поступила в НТБ в 2004 г. в составе книжного собрания профессора ТПИ К. В. Радугина. 
320 |a Список цитированной литературы: с. 92-94. 
606 1 |a Геология  |y Донбасс  |2 stltpush  |3 (RuTPU)RU\TPU\subj\72277  |9 85841 
610 1 |a Донецкий бассейн 
610 1 |a геологические исследования 
610 1 |a геологические изыскания 
610 1 |a геологическое строение 
610 1 |a орография 
610 1 |a геологические разрезы 
610 1 |a стратиграфия 
610 1 |a тектоника 
610 1 |a ископаемый уголь 
610 1 |a библиотека К. В. Радугина 
610 1 |a библиотека М. А. Усова 
675 |a 55(477.6)  |v 3 
700 1 |a Гапеев  |b А. А.  |c профессор  |c сотрудник Геолкома  |f 1864-1958  |g Александр Александрович  |2 stltpush  |3 (RuTPU)RU\TPU\pers\22183  |9 9396 
712 0 1 |a СССР  |b Геологический комитет (Геолком)  |c (1922-1930)  |2 stltpush  |3 (RuTPU)RU\TPU\col\18484 
801 1 |a RU  |b 63413507  |c 20130130 
801 2 |a RU  |b 63413507  |c 20190125  |g RCR 
942 |c BK